Statistics for Most Installed Apps In the UK in 2023

Click here to take the quiz!

General Stats

  • This quiz has been taken 18 times
  • The average score is 3 of 10

Answer Stats

## Of InstallationsAnswer% Correct
95.1MInstagram
94%
47MTiktok
59%
66.6MWhatsapp
53%
115MTemu
24%
56.7MShein
18%
211MTesco
18%
76.6MCapcut
12%
38MVinted
12%
85.5MMicrosoft Authenticator
6%
105.1MMonopoly GO
6%

Score Distribution

Percentile by Number Answered

Percent of People with Each Score

Your Score History

You have not taken this quiz